| 000 | 00484nam a2200157Ia 4500 | ||
|---|---|---|---|
| 008 | 240729s9999 xx 000 0 und d | ||
| 022 | _a2165-2554 | ||
| 245 | 0 | _aJournal of Teaching and Learning with Technology | |
| 260 | _aUnited States | ||
| 260 | _bIndiana University Office of Scholarly Publishing | ||
| 650 | _a Theory and practice of education | ||
| 650 | _aEducation | ||
| 856 | _uhttps://doaj.org/toc/631bbac851bd4e95b14a0b69fbd40789 | ||
| 942 | _2ddc | ||
| 942 | _cDOAJEJ | ||
| 999 |
_c70582 _d70582 |
||
| 945 |
_a1 _bMadushi Gamage _c1 _dMadushi Gamage |
||